Quizzes
Events
Quiz Creation
Community
Videos
Private Events
Remove Ads
Sign In
Join for FREE
Feedback
Dark Mode
Quiz Categories
Sports
Geography
Music
Movies
Television
Just For Fun
Miscellaneous
History
Literature
Language
Science
Gaming
Entertainment
Religion
Holiday
For Kids
Quiz Lab
Recent
Popular Today
Quiz Kudos Today
Editor Picks
Curator Picks
Quizzes by...
Day
Popularity
Type
Ratings
Length
Year
Community
Subscriptions
Recent Discussions
Orange Saloon
Badges
Playlists
Quests
Create
Leaderboards
Showdown
Live 5
Trivia Bingo
Activity
Puzzle Library
Sporcle Events
Private Events
Virtual Trivia
Globe League
Become a Host
Pub Owners
SporcleCon
Opinionation
Our Games
Videos
Blog
Mobile Apps
Partnerships
Remove Ads and Go Orange
Feedback
Just For Fun
Clickable
Get the Picture
Humor
Quick Pick
Word Ladder
Missing Word
Mixed Word
Blitz
Minefield
This or That
Alphabet
Color
Typing
Sporcle
Puzzle
Word Play
Follow That Line
Logic
Just For Fun
Clickable
Get the Picture
Humor
Quick Pick
Word Ladder
Missing Word
Mixed Word
Blitz
Minefield
This or That
Alphabet
Color
Typing
Sporcle
Puzzle
Word Play
Follow That Line
Logic
Random Quiz
Search Sporcle
×
Quiz Lab
Quiz Lab
Just For Fun
Pokémon
Type in answers that appear in a list
Type in answers that appear in a list
Classic
Best Score? Go Orange.
Pokémon That Live In Unova Stats
Can you name the Pokémon That Live In Unova?
By
Bardyboy
15m
156 Questions
29 Plays
29 Plays
29 Plays
Comments
Comments
Give Quiz Kudos
Give Quiz Kudos
-
- Ratings
hide this ad
More Info
Replay
Link that replays current quiz
Next Quiz
Link to next quiz in quiz playlist
You Got
0%
They Got
Avg Score
48%
Avg Friend Score
Upgrade to see
Score Distribution
Jump to the score distribution portion of the page
Score
0/156
Timer
15:00
0
Plays Today
% Correct
Snivy
96.6%
Tepig
96.6%
Servine
93.1%
Serperior
93.1%
Emboar
89.7%
Dewott
89.7%
Samurott
89.7%
Victini
86.2%
Pignite
86.2%
Oshawott
86.2%
Watchog
75.9%
Pansage
75.9%
Panpour
75.9%
Pidove
75.9%
Patrat
72.4%
Lillipup
72.4%
Pansear
72.4%
Unfezant
72.4%
Simisage
69%
Simisear
69%
Simipour
69%
Tranquill
69%
Herdier
65.5%
Stoutland
65.5%
Reshiram
65.5%
Zekrom
65.5%
Liepard
62.1%
Zebstrika
62.1%
Purrloin
58.6%
Blitzle
58.6%
Roggenrola
58.6%
Boldore
58.6%
Gigalith
58.6%
Swadloon
58.6%
Cottonee
55.2%
Kyurem
55.2%
Keldeo
55.2%
Leavanny
51.7%
Venipede
51.7%
Whirlipede
51.7%
Whimsicott
51.7%
Lilligant
51.7%
Joltik
51.7%
Axew
51.7%
Haxorus
51.7%
Terrakion
51.7%
Meloetta
51.7%
Genesect
51.7%
Munna
48.3%
Musharna
48.3%
Woobat
48.3%
Swoobat
48.3%
% Correct
Sewaddle
48.3%
Petilil
48.3%
Deerling
48.3%
Galvantula
48.3%
Fraxure
48.3%
Virizion
48.3%
Drilbur
44.8%
Excadrill
44.8%
Palpitoad
44.8%
Scolipede
44.8%
Basculin
44.8%
Dwebble
44.8%
Yamask
44.8%
Vanillite
44.8%
Sawsbuck
44.8%
Emolga
44.8%
Klink
44.8%
Litwick
44.8%
Beartic
44.8%
Mienfoo
44.8%
Deino
44.8%
Cobalion
44.8%
Tornadus
44.8%
Audino
41.4%
Tympole
41.4%
Seismitoad
41.4%
Throh
41.4%
Sawk
41.4%
Sandile
41.4%
Maractus
41.4%
Crustle
41.4%
Archen
41.4%
Archeops
41.4%
Zorua
41.4%
Vanilluxe
41.4%
Escavalier
41.4%
Frillish
41.4%
Jellicent
41.4%
Tynamo
41.4%
Chandelure
41.4%
Cubchoo
41.4%
Shelmet
41.4%
Accelgor
41.4%
Stunfisk
41.4%
Mienshao
41.4%
Golett
41.4%
Golurk
41.4%
Zweilous
41.4%
Conkeldurr
37.9%
Krokorok
37.9%
Krookodile
37.9%
Darumaka
37.9%
% Correct
Darmanitan
37.9%
Cofagrigus
37.9%
Scraggy
37.9%
Scrafty
37.9%
Tirtouga
37.9%
Carracosta
37.9%
Trubbish
37.9%
Zoroark
37.9%
Gothorita
37.9%
Gothitelle
37.9%
Solosis
37.9%
Duosion
37.9%
Reuniclus
37.9%
Ducklett
37.9%
Swanna
37.9%
Vanillish
37.9%
Karrablast
37.9%
Foongus
37.9%
Alomomola
37.9%
Ferroseed
37.9%
Ferrothorn
37.9%
Klinklang
37.9%
Eelektrik
37.9%
Eelektross
37.9%
Druddigon
37.9%
Bouffalant
37.9%
Durant
37.9%
Larvesta
37.9%
Volcarona
37.9%
Timburr
34.5%
Gurdurr
34.5%
Sigilyph
34.5%
Minccino
34.5%
Cinccino
34.5%
Cryogonal
34.5%
Pawniard
34.5%
Bisharp
34.5%
Mandibuzz
34.5%
Heatmor
34.5%
Thundurus
34.5%
Landorus
34.5%
Amoonguss
31%
Rufflet
31%
Braviary
31%
Vullaby
31%
Gothia
27.6%
Klank
27.6%
Elgyem
27.6%
Beheeyem
27.6%
Lampet
27.6%
Hydregion
20.7%
Garbordor
17.2%
Quiz Playlist
Details
Report
Send in Message
Add To Playlist
More Info:
Just put as many as the unova pokemon you know! There is 156 to get :)
Classic:
Type in answers that appear in a list
Quiz Source
Last Updated: Feb 16, 2017
Quiz Scoreboard
CHALLENGE
Sign Up to Join the Scoreboard
Show All
Scores
Hide
Comments
May contain spoilers
Recently Published
Movies - When Are They Set?
by FPL_Elf
Movies
5m
Popular People in 1961
by mucciniale
History
6m
1-10 Letter E Words III
by El_Dandy
Language
2m
More to Explore
Quiz From the Vault
Featured Blog Post
Where Did the Easter Bunny Come From?
hide this ad
You Might Also Like...
Tags
Pokémon Quiz
Live
Today's Top Quizzes in Just For Fun
Browse Just For Fun
hide this ad
Today's Top Quizzes in Pokémon
Browse Pokémon
Top Contributed Quizzes in Just For Fun
1
Harry Potter Logic - 'In Chains' II
2
Crossword Whiteout! 49
3
Survivor Winners Logic Puzzle
4
one piece logic puzzle
5
Letter's Position in the Alphabet Blitz
6
Thermometer Puzzle 25
7
Aquarium Logic Puzzle 17
8
Big Thermometer Puzzle 21
9
Edinburgh Fringe jokes 2015
10
Word Ladder: Ahoy Matey
Explore More
Trending Topics
Kpop
Marvel
Disney
NBA
Crossword
Harry Potter
Anime
The Office
WWE
Country
Puzzle
Pokémon
Soccer
NFL
Song
hide this ad
More By:
Bardyboy
Quiz
Plays
Rating
Category
Featured
Created
Pokémon That Live In Unova
29
1.00
Just For Fun
Mar 25, 2011
Go to Creator's Profile
Score Distribution
Quiz Creator Spotlight
Bardyboy
Follow
Send a Message
Quizzes Created
-
Created Quiz Play Count
-
More By This Creator
Popular Quizzes Today
1
Find the US States - No Outlines Minefield
2
Find the Countries of Europe - No Outlines Minefield
3
The Countries of the World
4
Popular People in 1961
5
1-10 Letter E Words III
6
US States
7
Find the US States
8
One Thing in Common: World Cities II
More Just For Fun Quizzes
Word Ladder: Ay, There's the Rub
Published
Trending Quizzes
Risky Map Clicking: Least Populous States A-Z
1-10 Letter F Words
1-10 Letter G Words
One Thing in Common: United Kingdom
Risky Map Clicking: Next State Alphabetically
Recently Updated
Leaping Animals
pecheneg
Reality TV Shows (A-Z)
bhenderson79
Rickey Henderson's Hall of Fame Teammates
pecheneg
Champions League XIs: Arsenal
pecheneg
Quick Pick: Celebrities in WWE's Hall of Fame
aduchscher
A-Z Keypad Blitz II
pecheneg
Multiple Oscar Actors
pecheneg
Mystery Phrase Blitz: Oscar 'Best Actors'
pecheneg
F. Scott Fitzgerald Novels
LTH
Pick 3 Villains
ddd62291
Trending Topics
NBA
Crossword
Marvel
Anime
Disney
Harry Potter
Kpop
WWE
Puzzle
Song
Pokémon
NFL
Country
The Office
Soccer
Your Account Isn't Verified!
In order to create a playlist on Sporcle, you need to verify the email address you used during registration. Go to your
Sporcle Settings
to finish the process.
Report this User
Report this user for behavior that violates our
Community Guidelines
.
Details:
Send Report
Go to the Sporcle.com Mobile Site →
Comments